000 01080nam a2200289 u 4500
001 000003669
005 20200929150526.0
008 090713s1996 es a r 001 0 spa d
020 _a8474324254
040 _aDO-SdBNP
_bspa
_cBNPHU
041 1 7 _aspa
_hfren
082 _a150.195, 1996
100 1 _aNasio, Juan David
_911242
245 1 0 _aEnseñanza de 7 conceptos cruciales del psicoanalisis =Enseignement de 7 concepts crucioux de la psychanalyse /
_cJuan David Nasio ; traducción Graciela Klein ; ilustración Carlos Nine.
246 1 _aEnseignement de 7 concepts crucioux de la psychanalyse
250 _a4a. ed.
260 _aBalcelona :
_bGedisa,
_c1996.
300 _a238 p. :
_bil., ;
_c20 cm.
490 1 _aSerie freudiana
500 _aIncluye índice
504 _aIncluye notas bibliográficas al pie de las paginas
534 _pTítulo original.
_tEnseignement de 7 concepts crucioux de la psychanalyse
650 4 _aPsicoanálisis
_91958
700 1 _aKlein, Graciela
_etrad.
_911243
700 1 _aNine, Carlos
_eil.
_911244
830 0 _aFreudiana
_911245
999 _c3492
_d3492